| 000 | 00970pam a2200277 a 4500 | ||
|---|---|---|---|
| 999 |
_c259 _d259 |
||
| 001 | 2523381 | ||
| 003 | GZU | ||
| 005 | 20200716095614.0 | ||
| 008 | 930125s1994 nyua b 001 0 eng | ||
| 010 | _a 93020091 | ||
| 020 | _a0065009819 (student ed.) | ||
| 020 | _a0065009827 (instructor's ed.) | ||
| 040 |
_aDLC _cDLC _dDLC |
||
| 050 | 0 | 0 |
_aBF713 _b.B435 1994 |
| 082 | 0 | 0 |
_a155 _220 |
| 100 | 1 |
_aBee, Helen L., _d1939- |
|
| 245 | 1 | 0 |
_aLifespan development / _cHelen Bee. |
| 260 |
_aNew York, NY : _bHarperCollins Publishers, _cc1994. |
||
| 300 |
_axxviii, 583 p. : _bill. (some col.) ; _c27 cm. |
||
| 504 | _aIncludes bibliographical references (p. 513-555) and indexes. | ||
| 650 | 0 | _aDevelopmental psychology. | |
| 740 | 0 | _aLife span development. | |
| 906 |
_a7 _bcbc _corignew _d1 _eocip _f19 _gy-gencatlg |
||
| 942 |
_2lcc _cBK _h713 _iBEE _kBF _m1994 |
||